[Event "Vojvodina-ch 6th"]
[Site "Novi Sad"]
[Date "2015.07.26"]
[Round "4"]
[White "Nestorovic, Lazar"]
[Black "Atalik, Suat"]
[Result "1/2-1/2"]
[WhiteElo "2337"]
[BlackElo "2564"]
[Annotator "Atalik,S"]
[PlyCount "80"]
[EventDate "2015.07.25"]
[EventType "swiss"]
[EventRounds "9"]
[EventCountry "YUG"]
[SourceTitle "EXT 2016"]
[Source "ChessBase"]
[SourceDate "2015.10.08"]
[SourceVersion "1"]
[SourceVersionDate "2015.10.08"]
[SourceQuality "1"]

1. e4 e5 2. Nf3 Nc6 3. d4 exd4 4. Nxd4 Bc5 5. Nb3 $5 ({I wanted to give a
chance for} 5. Nxc6 Qf6 6. Qf3 dxc6) 5... Bb6 6. Qe2 d6 7. Nc3 Be6 8. Be3 Qf6
$5 {I have thought that this one should have been my novelty.} (8... Nf6 9.
O-O-O Qe7 10. g3 O-O-O 11. Bg2 Rhe8 12. Rhe1 Kb8 13. Kb1 {is the mainstream.})
9. O-O-O $6 {Lazar played this very quickly} ({but the critical one is
supposed to be} 9. Nd5 Bxd5 10. exd5 Nce7 11. O-O-O (11. Qb5+ c6) 11... O-O-O
$13 (11... Qe5 $5 12. Qb5+ Kf8)) 9... O-O-O 10. Kb1 Kb8 11. f4 Nge7 (11... Qe7
$5) 12. Bxb6 $6 {White could have done everything avoiding this exchange.} (12.
Nd5 $2 Bxd5 13. exd5 Nxd5 14. Rxd5 Rhe8 15. Rd3 Nb4 $19) (12. g3 h5 13. Bg2 Bg4
14. Bf3 Bxf3 15. Qxf3 h4 16. g4 g5 $13) 12... axb6 13. g3 h5 14. Bg2 Bg4 $6 {
There was no need to exchange the good bishop.} (14... g5 $1 $36) 15. Bf3 Bxf3
16. Qxf3 h4 17. Nb5 g5 18. Rhf1 (18. Qc3 $6 Qxc3 19. Nxc3 gxf4 20. gxf4 Rdg8
21. Rhg1 f5 $15) 18... hxg3 19. hxg3 gxf4 20. gxf4 Qe6 21. N3d4 Nxd4 22. Nxd4
Qc4 23. Qb3 $6 (23. Qd3 Qxd3 24. cxd3 Rh4 25. f5 Rdh8 $11) 23... Qxb3 24. axb3
Rh4 25. Ne2 Kc8 26. e5 dxe5 ({I could have avoided further exchanges with} 
26... Nf5 $142) 27. Rxd8+ Kxd8 28. fxe5 Ke8 (28... Nc6 29. Rxf7 Rh1+ 30. Nc1
Nd4 31. Rf2 c5 (31... Ke7 32. b4) 32. b4 $1 $11 {would have equalized as well.}
) 29. Nf4 c6 30. Kc1 (30. e6 f5) 30... b5 31. Kd2 Nd5 32. Nxd5 Rd4+ 33. Ke3
Rxd5 34. Rf5 $1 $11 b4 35. c3 (35. c4 $11) 35... Ke7 36. Ke2 bxc3 {The game
petered to be a draw.} (36... Ra5 37. Kd3 Ra2 38. Kc4 bxc3 39. bxc3 Rd2 40. Kc5
Rd5+ 41. Kc4 $11) 37. bxc3 c5 38. c4 (38. Ke3 b5 39. Ke4 Rd1 40. e6 Re1+ 41.
Kd3 Kxe6 42. Rxc5 Re5 $11) 38... Rd4 39. e6 Re4+ 40. Kd3 Rxe6 (40... Rxe6 41.
Rxc5 Rd6+ 42. Kc3 Ke6 43. Rc7 $11) 1/2-1/2

[Event "Tonto Village Chess.com"]
[Site "Tonto Village"]
[Date "2011.06.05"]
[Round "1.2"]
[White "Rensch, Daniel"]
[Black "Atalik, Suat"]
[Result "1/2-1/2"]
[WhiteElo "2406"]
[BlackElo "2616"]
[Annotator "Atalik,S"]
[PlyCount "86"]
[EventDate "2011.06.04"]
[EventType "schev"]
[EventRounds "4"]
[EventCountry "USA"]
[SourceTitle "CBM 142 Extra"]
[Source "ChessBase"]
[SourceDate "2011.06.27"]
[SourceVersion "1"]
[SourceVersionDate "2011.06.27"]
[SourceQuality "1"]

1. e4 e5 2. Nf3 Nc6 3. d4 exd4 4. Nxd4 {Daniel chooses his beloved Scotch for
the second game.} Nf6 {I have chosen the sharpest line.} (4... Bc5 5. Nxc6 (5.
Be3 Qf6 6. c3 Nge7 7. Bc4 O-O 8. O-O b6 $13) 5... Qf6 6. Qf3 bxc6 7. Nd2 d6 8.
Nb3 Bb6 9. Bd2 Qxf3 10. gxf3 Ne7 11. a4 a5 12. Rg1 O-O 13. Be3 Bxe3 14. fxe3 c5
15. O-O-O Bb7 16. Bb5 Bc6 17. e5 Rfd8 18. exd6 cxd6 19. Bxc6 Nxc6 $11) 5. Nxc6
bxc6 6. e5 Qe7 7. Qe2 Nd5 8. c4 Ba6 $5 (8... Nb6 9. Nc3 Bb7 {is very popular
these days.}) 9. b3 {Daniel goes for the main line.} (9. Nd2 g6 10. Nf3 Bg7 $5
11. Bg5 Qb4+ 12. Qd2 Qxd2+ 13. Kxd2 (13. Bxd2 Nb6 14. b3 d6 $13) 13... h6 $1
14. cxd5 Bxf1 15. Raxf1 hxg5 16. Nxg5 Rb8 17. b3 cxd5 $11) 9... g6 10. g3 Bg7
11. Bb2 O-O 12. Bg2 Rae8 13. O-O Bxe5 14. Qxe5 Qxe5 15. Bxe5 Rxe5 16. cxd5 Bxf1
17. Kxf1 cxd5 18. Nc3 c6 {After the long forced line we have a dynamically
equal endgame.} 19. Bf3 (19. Na4 Rfe8 20. Bf3 Kf8) (19. Rd1 Rb8 20. Bf3 a5)
19... Rb8 20. Na4 f5 $5 {Active play.} 21. Rc1 Kf7 22. Nc5 (22. Rc5 Rb5) 22...
Re7 23. Be2 g5 24. Nd3 Kf6 25. h3 a5 26. Rc2 (26. Rc5 Ra8 27. Bd1 Re4 $132)
26... Rbe8 27. Bh5 Ra8 28. Bd1 Ke6 29. Ke1 Kd6+ 30. Kd2 {Here around I have
failed to come up with a strong continuation.} Kc7 ({I did not want to put my
rook on} 30... a4 31. b4 Re4 (31... a3 32. Kc3 Re6) 32. a3) 31. Rc3 Kb6 32. Nc5
d6 33. Na4+ (33. Nd3 Re4 34. Bf3 Rd4 35. Rc1 c5 36. Kc3 a4 {does not look like
winning for any side either.}) 33... Kb7 34. Rd3 Rf8 35. Nc3 Rf6 (35... f4 36.
g4 Rfe8) 36. Be2 g4 37. h4 h5 38. Rd4 ({I was not afraid of f pawns thrust.} 
38. f4 gxf3 39. Bxf3 (39. Rxf3 $6 d4 40. Nd1 f4 41. Rxf4 Rxf4 42. gxf4 Rf7 $17)
39... f4 40. g4 hxg4 41. Bxg4 Rg6 42. Bf3 Rg3 43. h5 Rh3 44. Ne2 Rh2 $11) (38.
Re3 Re5 (38... Re4 39. Nxe4 fxe4 $44) 39. f4 d4 $1 40. fxe5 dxe3+ 41. Kxe3 dxe5
$17) 38... f4 {leads to an immediate draw.} (38... Re4 39. Nxe4 fxe4 40. Ke3
Rf5 41. Rd2 c5 $44) 39. gxf4 (39. Rxf4 Rxf4 40. gxf4 Rf7 41. Ke3 Re7+ $11)
39... Ref7 40. Ke3 Re6+ 41. Kd2 (41. Kd3 Ref6) 41... Ref6 42. Ke3 Re6+ 43. Kd2
Ref6 {Drawn by threefold repetition.} 1/2-1/2

[Event "Valjevo"]
[Site "Valjevo"]
[Date "2007.06.14"]
[Round "2"]
[White "Pavasovic, Dusko"]
[Black "Atalik, Suat"]
[Result "1/2-1/2"]
[WhiteElo "2567"]
[BlackElo "2584"]
[Annotator "Atalik,S"]
[PlyCount "117"]
[EventDate "2007.06.13"]
[EventType "tourn"]
[EventRounds "9"]
[EventCountry "YUG"]
[EventCategory "15"]
[SourceTitle "CBM 119"]
[Source "ChessBase"]
[SourceDate "2007.08.01"]
[SourceVersion "1"]
[SourceVersionDate "2007.08.01"]
[SourceQuality "1"]

1. e4 e5 2. Nf3 Nc6 3. d4 exd4 4. Nxd4 {Dusko is known for his mastery of the
Scotch game.} Nf6 (4... Bc5 5. Nxc6 Qf6 6. Qf3 $1 bxc6 7. Qg3 h5 8. h4 Nh6 9.
f3 d5 10. Nc3 Bd4 11. Bd2 Rb8 12. O-O-O Be5 $13 {is a weird position which was
the subject of many Rublevsky-Grischuk games in Elista.}) 5. Nxc6 bxc6 6. e5
Qe7 7. Qe2 Nd5 8. c4 Nb6 9. Nc3 Qe6 10. Qe4 g6 $1 {This makes the line more
playable for Black.} 11. f4 $1 {I find this to be the real test of the line.}
d5 (11... Bg7 $6 12. c5 Nd5 13. Bc4 Bb7 14. Be3 $16 {gives White the upper
hand.}) 12. Qc2 $1 {After this Black has to be careful.} Bb4 $1 (12... dxc4 13.
Ne4 $44) ({or} 12... Nxc4 13. Bxc4 dxc4 14. Ne4 Be7 15. Be3 $44 {did not
appeal to me much.}) 13. cxd5 Nxd5 (13... Qxd5 14. Bd3 Bxc3+ 15. bxc3 Qc5 $1
$13 {was another major alternative.}) 14. Bd2 Nxc3 {Not the only move in the
position.} (14... O-O 15. Bc4 (15. Be2 Qe7 16. Nxd5 cxd5 17. Rc1 Bf5 18. Bd3
Bxd2+ 19. Qxd2 Bxd3 20. Qxd3 Qb4+ 21. Qd2 Qb6 $11) 15... Bxc3 16. bxc3 Qe7 $13)
15. Bxc3 $6 {Not the best.} (15. a3 $142 $1 Bc5 16. Qxc3 (16. Bxc3 O-O 17. Rd1
(17. O-O-O Qa2) 17... Qe7 $13) 16... Qd5 17. Be3 Bb6 18. Kf2 Qe4 $1 $11) 15...
Qf5 $1 $15 {Black is taking over the initiative.} 16. Qxf5 Bxc3+ 17. bxc3 Bxf5
18. Bc4 (18. O-O-O Ke7 19. Bd3 Be6 20. Be4 Rab8 21. Bxc6 Rb6 22. Be4 Bxa2 23.
Rd4 Bb3 $40) 18... Ke7 19. O-O Rhd8 20. Rad1 Bc2 (20... Rab8 21. Rxd8 Rxd8 22.
Rf2 Be6 23. Bxe6 Kxe6 24. Rb2 Rd3 25. Rb7 $132) 21. Rxd8 {He thought about
this for almost an hour.} (21. Rc1 $6 Bd3 22. Bxd3 Rxd3 23. f5 Rb8 $17) 21...
Rxd8 22. Rf2 Bd3 23. Bb3 (23. Bxd3 Rxd3 24. Rc2 c5 25. c4 Rd4 26. g3 Ke6 $15)
23... c5 (23... Bf5 $6 24. Kf1 Rd3 25. Rf3 $11) 24. Rd2 c4 25. Bd1 {A very
critical position for the game.} g5 {I thought that it was the only way to try
for a win.} (25... Rb8 26. Kf2 Rb1 27. Ke3 c5 $1 (27... Rc1 28. Kd4 c5+ 29.
Kxc5 Rxc3 30. Kd4 Rc1 31. Ba4 (31. Bf3 Bf5) 31... Rb1 32. Bc6 $14) 28. Bc2 Bxc2
29. Rxc2 Rd1 30. Ke4 Ke6 31. g4 $1 $11) 26. fxg5 Rd5 27. Kf2 Ke6 28. h4 Kxe5
29. Bh5 Ke6 (29... Ra5 30. Bxf7 Ra3 31. h5 Rxc3 32. g6 hxg6 33. Bxg6 (33. hxg6
Kf6 34. Rb2 $11) 33... Bxg6 34. hxg6 Kf6 35. Rd7 Kxg6 36. Rxc7 a5 37. a4 $11)
30. Bg4+ Ke5 31. Bh5 f6 32. gxf6 Kxf6 33. Be2 $1 $11 {After some logical moves
the game peters out to be a draw.} Kf5 34. Rb2 Ra5 (34... Bxe2 35. Kxe2 Rd3 36.
Rb7 Rxc3 37. Rxc7 Rc2+ 38. Kf3 Rc3+ $11) 35. Bxd3+ cxd3 36. Ke3 Rd5 37. Kd2 Rd7
38. Rb7 a6 39. Ra7 Kg4 40. Rxa6 Kxh4 41. Ra4+ ({White can not really try for a
win with} 41. Rc6 Kg3 42. a4 Kxg2 43. a5 h5 44. a6 h4 45. a7 Rd8 46. Rxc7 h3
47. Rg7+ $11) 41... Kg3 42. Rd4 Rg7 43. Kxd3 h5 44. a4 Rg5 45. Rd7 Kxg2 46.
Rxc7 h4 47. a5 $5 {Safest!} (47. Rh7 h3 48. c4 h2 49. Kd4 h1=Q 50. Rxh1 Kxh1
51. Kc3 Kg2 52. Kb4 Kf3 53. a5 Ke4 54. a6 Ke5 55. a7 Rg8 56. Kc5 Ra8 57. Kb6
$11) 47... Rxa5 48. Rg7+ Kf3 49. Rh7 Kg3 50. c4 h3 51. Kd4 h2 52. Rxh2 Kxh2 53.
c5 $11 {Now it is clear that it is a draw!} Kg3 54. c6 Kf4 55. c7 Ra8 (55...
Ra1 56. Kd5) 56. Kd5 Kf5 57. Kd6 Rc8 58. Kd7 Rxc7+ 59. Kxc7 1/2-1/2

[Event "USA-ch GpA"]
[Site "San Diego"]
[Date "2006.03.10"]
[Round "8"]
[White "Ibragimov, Ildar"]
[Black "Friedel, Joshua E"]
[Result "1-0"]
[WhiteElo "2635"]
[BlackElo "2455"]
[Annotator "Atlas,V"]
[PlyCount "103"]
[EventDate "2006.03.02"]
[EventType "swiss"]
[EventRounds "9"]
[EventCountry "USA"]
[SourceTitle "CBM 112"]
[Source "ChessBase"]
[SourceDate "2006.06.07"]
[SourceVersion "1"]
[SourceVersionDate "2006.06.07"]
[SourceQuality "1"]

1. e4 e5 2. Nf3 Nc6 3. d4 exd4 4. Nxd4 Bc5 5. Nxc6 Qf6 6. Qf3 bxc6 7. Nd2 d5 8.
exd5 Qxf3 9. Nxf3 cxd5 10. Bb5+ Bd7 11. Bxd7+ Kxd7 12. Ne5+ Ke6 13. Nd3 Bd6 14.
Nf4+ Bxf4 15. Bxf4 Nf6 16. O-O-O c6 17. Rhe1+ Kf5 18. Be3 Rhe8 19. f3 g5 20.
g4+ Kg6 21. Bf2 h5 22. h3 a6 23. Rd3 Rxe1+ 24. Bxe1 Re8 25. Kd1 Nd7 26. Ra3 Ra8
27. Re3 hxg4 28. hxg4 f6 29. Re7 Ne5 30. Ke2 Rh8 31. Bg3 Nc4 32. b3 Na3 33. Re6
(33. Kd3 {is strongly met by} Rh3) 33... Nxc2 34. Be5 ({Of course, not} 34.
Rxc6 Nd4+) 34... Rh2+ (34... Rf8 {loses to} 35. Kd2 Nb4 36. Bd6) 35. Kd1 Ne3+
36. Kc1 Rc2+ 37. Kb1 Kf7 38. Rxf6+ Ke7 39. Bd4 Rf2 40. Rxc6 Rxf3 41. Rxa6 Nxg4
42. Rg6 Rf5 43. a4 Ne5 44. Rb6 Nf3 $6 ({Better was} 44... Kd7 {, followed by
45...Nc6}) 45. Bc5+ Kd7 46. a5 d4 47. Bb4 Rd5 48. Rf6 g4 49. a6 Kc7 $2 (49...
d3 {was more tenacious:} 50. a7 d2 51. Bxd2 Nxd2+ 52. Kb2 $1 (52. Kc2 $2 {
falls short of} Ra5 53. Rf8 g3 54. a8=Q Rxa8 55. Rxa8 g2 56. Rg8 Nf3 $1 57.
Rxg2 Ne1+ {, with a draw}) 52... Ra5 53. Rf8 $1 {White wins anyway.} Rxa7 54.
Rf7+ Ke6 55. Rxa7 Kf5 {, retaining some chances to escape.}) {[%tqu "En","How
can White exloit the energy of his well-advanced pawn?","Try to deflect the
enemy pieces.","Sacrifice your bishop!","b4d6","This nice move decides the
game for White.",5]} 50. Bd6+ $1 {[%csl Ga6,Gd6] This elegant bishop move was
obviously overlooked by Black. Now the game is over.} Kd7 ({Or} 50... Rxd6 51.
Rxd6 Kxd6 52. a7 {, winning.}) (50... Kb6 {fails to} 51. Bb8+) ({If} 50... Kc8
{then} 51. Rf8+ Kd7 52. Bb4 {, and the a6-pawn is unstoppable.}) 51. a7 Ra5 52.
Bb4 $1 {Winning a rook and the game.} 1-0

[Event "Julian Borowski-B 4th"]
[Site "Essen"]
[Date "2002.05.25"]
[Round "9"]
[White "De Gleria, Francesco"]
[Black "Feygin, Michael"]
[Result "1-0"]
[WhiteElo "2419"]
[BlackElo "2475"]
[Annotator "Atlas,V"]
[PlyCount "83"]
[EventDate "2002.05.16"]
[EventType "tourn"]
[EventRounds "9"]
[EventCountry "GER"]
[EventCategory "16"]
[SourceTitle "CBM 090"]
[Source "ChessBase"]
[SourceDate "2002.09.20"]
[SourceVersion "1"]
[SourceVersionDate "2002.09.20"]
[SourceQuality "1"]

1. e4 e5 2. Nf3 Nc6 3. d4 exd4 4. Nxd4 Nf6 5. Nxc6 bxc6 6. e5 Qe7 7. Qe2 Nd5 8.
c4 Nb6 9. Nd2 g6 10. Ne4 Qe6 11. Nf6+ Kd8 12. Bd2 Be7 13. O-O-O Ba6 14. Qf3
Bxc4 15. Bxc4 Qxc4+ 16. Bc3 Kc8 17. e6 fxe6 18. Rd4 Qc5 19. Ne4 Qf5 20. Qd3 e5
21. Qa6+ Kd8 22. Ng3 Bg5+ 23. Bd2 Bxd2+ 24. Rxd2 Qf4 25. b3 Qb4 26. Rhd1 Nd5 $4
{A terrible mistake, yielding White a decisive advantage.} (26... Rf8 $2 {
falls short of} 27. Rxd7+ Nxd7 28. Qxc6 {, but 26...Rb8 or 26...d5 would
retain excellent winning chances.}) {[%tqu "En","Black imprudent knight
centralization allows for an impressive refutation. Can you find it?","Exploit
the shaky position of the h8-rook.","Open the 6th rank!","d2d5","Excellent!
This powerful blow spells a quick end for Black.",5]} 27. Rxd5 $1 {[%csl Rd8,
Rh8][%cal Ga6f6,Gf6d8,Gf6h8] A nice refutation of Black's imprudent knight
move.} Qc3+ ({Or} 27... cxd5 28. Qf6+ Kc8 29. Qxh8+ Kb7 30. Qxe5 {, winning})
28. Kb1 cxd5 29. Qf6+ Kc8 30. Ne2 $1 {[%csl Rc3,Re5,Rh8][%cal Ge2c3,Gf6h8,
Gf6e5] An important finesse! Now White is winning also the e5-pawn, gaining a
decisive material advantage.} Qb4 31. Qxh8+ Kb7 32. Qxe5 c6 33. f4 a5 34. Nc1
a4 35. Rd4 Qf8 36. Nd3 d6 37. Rb4+ Kc7 38. Qe3 Ra6 39. bxa4 c5 40. Rb2 d4 41.
Qe6 Rc6 42. a5 1-0

[Event "Kurgan"]
[Site "Kurgan"]
[Date "1995.??.??"]
[Round "2"]
[White "Rublevsky, Sergei"]
[Black "Kupreichik, Viktor D"]
[Result "1-0"]
[WhiteElo "2585"]
[BlackElo "2500"]
[Annotator "Belov,I"]
[PlyCount "119"]
[EventDate "1995.??.??"]
[EventType "tourn"]
[EventRounds "11"]
[EventCountry "RUS"]
[EventCategory "9"]
[SourceTitle "CBM 049 Extra"]
[Source "ChessBase"]
[SourceDate "1996.01.01"]
[SourceVersion "1"]
[SourceVersionDate "1996.01.01"]
[SourceQuality "1"]

1. e4 e5 2. Nf3 Nc6 3. d4 exd4 4. Nxd4 Bc5 5. Nxc6 Qf6 6. Qd2 dxc6 (6... bxc6
7. Bd3 Ne7 8. O-O Ng6 9. Kh1 Ne5 10. Be2 d6 11. f4 Ng4 12. Bxg4 Bxg4 13. f5 $14
{Svidler,P-Yemelin,V/St-Peterburg/1993/1:0/38/}) (6... Qxc6 7. Bd3 Ne7 8. O-O
O-O 9. Nc3 d6 10. Qe2 a6 11. Kh1 Be6 12. f4 $14 {Rublevsky,S-Yilmaz,T/
Cheljabinsk/1991/1:0/58/}) 7. Nc3 Be6 8. Na4 Rd8 9. Bd3 Bd4 10. c3 (10. O-O a6
11. Qa5 (11. Nc3 c5 12. Nd5 Bxd5 13. exd5 Ne7 14. Re1 Rxd5 $1 15. Be4 Bxb2 $1
16. Bxd5 Bxa1 17. Bxb7 O-O 18. Qe2 Nc6 $10 {Golubev,M-Onishuk,A/Alusta4/1994/0,
5/34/}) 11... b5 12. Nc3 Bb6 13. Qxa6 Nh6 14. Be3 $1 $14 {Kasparov,G-Yusupov,A/
Horgen CS/1994/1:0/36/CBM43/}) 10... b5 (10... Bxf2+ 11. Qxf2 Rxd3 (11... Qxf2+
12. Kxf2 Rxd3 13. Nc5 Rd8 14. Nxb7 Rb8 15. Nc5 Ne7 16. b3 $16) 12. Qxf6 Nxf6
13. Nc5 Rd8 14. Nxb7 Rb8 15. Nc5 Nd7 $10 {Yusupov/}) 11. cxd4 Qxd4 12. Bc2 bxa4
13. Qxd4 Rxd4 14. Be3 Rb4 (14... Rd8 15. Bxa4 Ne7 16. O-O $16) 15. a3 Rxb2 16.
Bxa4 Ne7 17. Bd4 Rb7 18. Bxg7 Rg8 19. Be5 $16 Rg4 (19... Rxg2 20. Bg3 Rb2 (
20... Bg4 21. Bd1 Bxd1 22. Rxd1 Rb3 23. Kf1 $18) 21. Bd1 Ng6 22. Bf3 $18) 20.
Bc2 (20. f3 $2 Rxg2 $17) 20... Rg5 21. Bf4 Rc5 22. Bd3 Rb3 23. Kd2 Ra5 (23...
Rcc3 24. Bc2 Rxa3 25. Bxc7 $16) 24. Bxc7 Raxa3 25. Bc2 $1 Rxa1 26. Rxa1 Rb7 27.
Bf4 Bc4 28. Be3 a6 29. f4 f6 30. f5 $1 Nc8 31. Kc3 Bb5 32. Bd4 (32. Bc5 $5)
32... Ke7 33. Bc5+ Ke8 34. Bd4 Ke7 35. Bc5+ Ke8 36. Rd1 (36. g4 Rg7 37. h3 h5)
36... Rd7 $6 (36... Rg7 $142) 37. Rxd7 Kxd7 38. Kd4 Nd6 39. e5 $1 fxe5+ 40.
Kxe5 Nb7 (40... Nc4+ 41. Kf6 a5 42. Kg7 h5 43. f6 $18) 41. Ba3 Bc4 42. f6 (42.
Kf6 $5) 42... h6 43. Kf5 Bf7 44. g4 c5 45. Ba4+ Kd6 46. Bc1 Kd5 47. Bxh6 $18
Nd6+ 48. Kf4 c4 49. Bf8 Nb5 50. Bb4 Ke6 51. Bxb5 axb5 52. Kg5 Be8 53. h4 Kf7
54. Bc3 Bd7 55. h5 Be6 56. Kf4 b4 57. Bd4 c3 58. g5 c2 59. g6+ Kg8 60. Bb2 1-0

[Event "St Petersburg zt"]
[Site "St Petersburg"]
[Date "1993.??.??"]
[Round "5"]
[White "Tregubov, Pavel V"]
[Black "Shcherbakov, Ruslan"]
[Result "0-1"]
[WhiteElo "2445"]
[BlackElo "2570"]
[Annotator "Belov,I"]
[PlyCount "92"]
[EventDate "1993.01.??"]
[EventType "swiss"]
[EventRounds "9"]
[EventCountry "RUS"]
[SourceTitle "CBM 034"]
[Source "ChessBase"]
[SourceDate "1993.06.01"]
[SourceVersion "1"]
[SourceVersionDate "1993.06.01"]
[SourceQuality "1"]

1. e4 e5 2. Nf3 Nc6 3. d4 exd4 4. Nxd4 Bc5 5. Be3 Qf6 6. c3 Nge7 7. Bc4 b6 (
7... Ne5 $1 8. Be2 Qg6 9. O-O d6 10. f4 Qxe4 11. Bf2 Bxd4 $1 12. cxd4 N5g6 13.
Nc3 Qxf4 14. Nb5 O-O 15. Nxc7 Rb8 16. d5 b6 $146 (16... Qg5 17. Bxa7 Bh3 18.
Rf2 Rbc8 19. Nb5 Nxd5 $10 {Luther-Smejkal,J/BRD/1992/}) 17. Nb5 Qg5 18. Nxa7
Bb7 19. Bg3 Nxd5 $13 {Morosevic-Balashov,Y/St.Peterburg/1993/}) 8. O-O Bb7 9.
Nb5 $146 (9. b4 Nxd4 10. cxd4 Bxb4 11. Qb3 $146 Ba5 12. f3 O-O 13. a4 d5 14.
Bd3 c5 15. e5 Qe6 $19 {Pederson-Kholmov/Katowice/1993/}) (9. f4 O-O-O 10. Qd2
$1 d5 11. e5 Qh4 12. Bd3 Na5 13. b3 $14 {Lukacs-Hazai,L}) 9... O-O-O 10. Bxc5
bxc5 11. Qa4 d5 (11... Kb8 12. Nd2 d5 13. exd5 Nxd5 14. Ne4 $16) (11... a6 12.
N5a3 Ne5 13. Be2 Qg6 14. Nd2 $14) 12. Be2 (12. exd5 Nxd5 13. Nxa7+ (13. Bxd5
Rxd5 14. Nxa7+ Nxa7 15. Qxa7 Rg5 $44) 13... Nxa7 14. Qxa7 Nf4 $40) 12... dxe4
13. Nxa7+ Nxa7 14. Qxa7 Qb6 (14... e3 $5 15. fxe3 Qg5) 15. Qxb6 cxb6 $15 16.
Na3 Nd5 17. Nc4 Nf4 18. Rfe1 Kc7 19. a4 f5 20. b4 (20. Bf1 $5) 20... Nxe2+ 21.
Rxe2 Rd3 22. a5 $6 (22. Rc1 Rhd8 23. g3 Rd1+ 24. Re1 $15) 22... b5 23. Na3 Ba6
$1 (23... Bc6 24. c4 cxb4 25. Nxb5+ $13) 24. g4 g6 25. c4 (25. Re3 Rxe3 26.
fxe3 Rd8 $17) 25... cxb4 26. Nxb5+ Kc6 27. Rb2 b3 (27... Bxb5 28. Rxb4 $1 $10)
28. Rxb3 Rxb3 29. Nd4+ Kc5 30. Nxb3+ Kxc4 31. Nd2+ Kc3 32. Nf1 f4 $19 33. Rc1+
Kb4 (33... Kd4 34. Rc6 Ra8 $1 $17) 34. Rc6 (34. Nd2 $1 e3 35. fxe3 fxe3 36. Nf3
$17) 34... Kxa5 35. Re6 Rd8 36. Re5+ Kb6 37. Re6+ Kb7 38. Rxe4 Rd1 39. Rxf4
Bxf1 40. h4 Kc6 41. Rf6+ Kd7 42. Kh2 Ke7 43. Rb6 Rd3 44. Rb7+ Kf6 45. Rxh7 Rh3+
46. Kg1 Be2 0-1